Countries Containing K - Statistics

General Stats
  • This quiz has been taken 2,974 times
  • The average score is 17 of 21
Answer Stats
country % Correct
Kazakhstan
92%
Kiribati
91%
Kyrgyzstan
89%
Kenya
88%
United Kingdom
88%
Kosovo
87%
Turkmenistan
86%
Kuwait
85%
Pakistan
85%
Turkey
84%
Uzbekistan
84%
Tajikistan
81%
Ukraine
80%
North Korea
79%
South Korea
79%
Slovakia
77%
Denmark
75%
Saint Kitts and Nevis
75%
Sri Lanka
64%
Burkina Faso
62%
Cook Islands
36%
No matching quizzes found
Score Distribution
Percent of People with Each Score
Percentile by Number Answered
Your Score History
You have not taken this quiz